| 000 | 01098nam a22002895i 4500 | ||
|---|---|---|---|
| 001 | 169230 | ||
| 003 | ES-MaACL | ||
| 005 | 20230906214032.0 | ||
| 008 | 080822s2003 sp |||| | spa d | ||
| 017 | _aB-22.925-2003 | ||
| 020 | _a84-7664-814-6 | ||
| 080 | _a739.2.036(083.824) | ||
| 245 | 0 | 0 |
_aLuxe interior _b: joieria contemporània internacional / _cexposició produïda i organitzada per la Fundació "la Caixa" amb la col.laboració d'Ofebres FAD ; [text de catàleg, Mònica Gaspar]. |
| 250 | _a1 ª ed. | ||
| 260 |
_aBarcelona : _bFundació "la Caixa", _c2003. |
||
| 300 |
_a136 p. : _bil. col. ; _c21 x 21 cm. |
||
| 546 | _aTexto en catalán, español e inglés. | ||
| 650 | 1 | 4 |
_aJoyas- _yS.XX- _vExposiciones. _9138311 |
| 655 | 7 |
_2tgfbne _9193628 _aCatálogos de exposiciones |
|
| 700 | 1 |
_aGaspar, Mònica. _9138313 |
|
| 710 | 2 |
_aFundació "la Caixa" _9173255 |
|
| 710 | 2 |
_aFomento de las Artes Decorativas. _9138312 |
|
| 740 | 0 | _aLujo interior : joyería contemporánea internacional. | |
| 852 | 4 |
_aES-MaACL _jL-29542 |
|
| 942 | _2udc | ||
| 999 |
_c169230 _d169230 |
||